000 00323nam a22001337a 4500
008 170822b xxu||||| |||| 00| 0 eng d
020 _a3540170081
041 _aeng
080 _a51
100 _a38
101 _aMAT
245 _aENCYCLOPEDIA OF MATHEMATICAL SCIENCES ANLYSIS I
_cGAMKRELIDZE.R.V
942 _2udc
_cBK
999 _c24581
_d24581